Biológia 5. sejtszintű anyagcserefolyamatok /
Elmentve itt :
| Szerző: | |
|---|---|
| Dokumentumtípus: | Videó |
| Megjelent: |
2019-07-15
|
| Kulcsszavak: | biológia anyagcsere |
| Tárgyszavak: | |
| Online Access: | http://eta.bibl.u-szeged.hu/3167 |
| LEADER | 00808ngm a2200205 i 4500 | ||
|---|---|---|---|
| 001 | eta3167 | ||
| 005 | 20220607093829.0 | ||
| 008 | 220607s2019 hu o 0|| hun d | ||
| 040 | |a SZTE Elektronikus Tananyag Archívum |b hun | ||
| 041 | |a hun | ||
| 100 | 1 | |a Bodor Attila | |
| 245 | 1 | 0 | |a Biológia 5. |h [elektronikus dokumentum] : |b sejtszintű anyagcserefolyamatok / |c Bodor Attila |
| 260 | |c 2019-07-15 | ||
| 516 | |a Video | ||
| 650 | 4 | |a Természettudományok | |
| 650 | 4 | |a Biológiai tudományok | |
| 695 | |a biológia | ||
| 695 | |a anyagcsere | ||
| 856 | 4 | 0 | |u https://eta.bibl.u-szeged.hu/3167/1/Biol%C3%B3gia%205.%20-%20Sejtszint%C5%B1%20anyagcserefolyamatok.mp4 |z Dokumentum-elérés |
| 856 | 4 | 0 | |u https://eta.bibl.u-szeged.hu/3167/2/Biol%C3%B3gia%205.%20-%20Sejtszint%C5%B1%20anyagcserefolyamatok.pdf |z Dokumentum-elérés |